| 000 | 00974nam a22001937a 4500 | ||
|---|---|---|---|
| 003 | JO-AjAnu | ||
| 005 | 20250714094155.0 | ||
| 008 | 250713b jo ||||| |||| 00| 0 ara d | ||
| 040 |
_aANU _cJO-AjAnu |
||
| 041 | _hARA | ||
| 100 |
_aالعوذه، مساعد نزال مساعد _eمعد _966561 |
||
| 245 |
_aالتحديات القانونية للفساد والتنمية المستدامة : (دراسة مقارنة) = Legal Challenges of Corruption and Sustainable Development : (Comparative Study) _c / إعداد مساعد نزال مساعد العوذه ؛ اشراف غالب الشمايلة |
||
| 260 | _c2025 | ||
| 300 | _a131 ورقة | ||
| 500 | _aرسالة جامعية (رسالة ماجستير في القانون) - جامعة عجلون الوطنية (الاردن-عجلون) ، كلية الحقوق ، 2025 | ||
| 650 | _vالفساد-قانون-الأردن | ||
| 700 |
_aالشمايلة، غالب _eمشرف _966562 |
||
| 942 |
_2lcc _cTHS _n0 |
||
| 999 |
_c33925 _d33925 |
||